Research design : (Record no. 523424)

000 -LEADER
fixed length control field 01388cam a2200349 i 4500
001 - CONTROL NUMBER
control field 20020979
003 - CONTROL NUMBER IDENTIFIER
control field NUST
005 - DATE AND TIME OF LATEST TRANSACTION
control field 20190223065306.0
008 - FIXED-LENGTH DATA ELEMENTS--GENERAL INFORMATION
fixed length control field 170921s2018 cau b 001 0 eng
010 ## - LIBRARY OF CONGRESS CONTROL NUMBER
LC control number 2017044644
020 ## - INTERNATIONAL STANDARD BOOK NUMBER
International Standard Book Number 9781506386706 (pbk. : alk. paper)
038 ## - RECORD CONTENT LICENSOR
Staff Name waseem
040 ## - CATALOGING SOURCE
Original cataloging agency DLC
Language of cataloging eng
Transcribing agency DLC
Description conventions rda
Modifying agency DLC
042 ## - AUTHENTICATION CODE
Authentication code pcc
050 00 - LIBRARY OF CONGRESS CALL NUMBER
Classification number H62
Item number .C6963 2018
082 00 - DEWEY DECIMAL CLASSIFICATION NUMBER
Classification number 300.721
Edition number 23
Author Mark CRE
100 1# - MAIN ENTRY--PERSONAL NAME
Personal name Creswell, John W.,
Relator term author.
9 (RLIN) 4220
245 10 - TITLE STATEMENT
Title Research design :
Remainder of title qualitative, quantitative, and mixed methods approaches /
Statement of responsibility, etc. John W. Creswell, Department of Family Medicine, University of Michigan, J. David Creswell, Department of Psychology, Carnegie Mellon University.
250 ## - EDITION STATEMENT
Edition statement Fifth edition.
264 #1 - PRODUCTION, PUBLICATION, DISTRIBUTION, MANUFACTURE, AND COPYRIGHT NOTICE
Place of production, publication, distribution, manufacture Los Angeles :
Name of producer, publisher, distributor, manufacturer SAGE,
Date of production, publication, distribution, manufacture, or copyright notice [2018]
300 ## - PHYSICAL DESCRIPTION
Extent xxv, 275 pages ;
Dimensions 25 cm
336 ## - CONTENT TYPE
Content type term text
Content type code txt
Source rdacontent
337 ## - MEDIA TYPE
Media type term unmediated
Media type code n
Source rdamedia
338 ## - CARRIER TYPE
Carrier type term volume
Carrier type code nc
Source rdacarrier
504 ## - BIBLIOGRAPHY, ETC. NOTE
Bibliography, etc. note Includes bibliographical references and indexes.
650 #0 - SUBJECT ADDED ENTRY--TOPICAL TERM
Topical term or geographic name entry element Social sciences
General subdivision Research
-- Methodology.
9 (RLIN) 91
650 #0 - SUBJECT ADDED ENTRY--TOPICAL TERM
Topical term or geographic name entry element Social sciences
General subdivision Statistical methods.
9 (RLIN) 92
700 1# - ADDED ENTRY--PERSONAL NAME
Personal name Creswell, J. David,
Relator term author.
9 (RLIN) 13708
906 ## - LOCAL DATA ELEMENT F, LDF (RLIN)
a 7
b cbc
c orignew
d 1
e ecip
f 20
g y-gencatlg
942 ## - ADDED ENTRY ELEMENTS (KOHA)
Source of classification or shelving scheme
Koha item type Book
Holdings
Withdrawn status Lost status Source of classification or shelving scheme Damaged status Not for loan Permanent Location Current Location Shelving location Date acquired Total Checkouts Full call number Barcode Checked out Date last seen Date last checked out Price effective from Koha item type Total Renewals
          Central Library (CL) Central Library (CL) Economics 02/23/2019 2 300.721 CRE CL-9 10/23/2024 06/25/2024 06/25/2024 02/23/2019 Book  
          Central Library (CL) Central Library (CL)   05/29/2019 9 300.721 CRE CL-56 02/25/2026 02/10/2026 02/10/2026 05/29/2019 Book 1
© 2023 Central Library, National University of Sciences and Technology. All Rights Reserved.